000 01116nam a22002537a 4500
005 20170124102940.0
010 _aA-990783
020 _c00.00
035 _aA-990783
037 _bCen Lib/Ret
040 _aDPL
_bHN
082 _a954.0841
_bघोषका
100 _aघोष, कालीचरण
_943761
245 _aशहीदनामा :
_cकालीचरण घोष; अनुवादक शंकर सहाय सक्सेना
_bआज़ादी की संघर्ष-कथा /
246 _aShaheednama : azadi ki sangharsh-katha /
_bby Kalicharan Ghosh; anuvadak Shankar Sahay Saxena
260 _bग्रन्थविकास
300 _a264पृ.
_c19सेमी (सजिल्द)
650 _aइतिहास
_xब्रिटिश शासन
_948088
650 _aआज़ादी की कथा
_948089
650 _aHistory
_xBritish rule
_948090
650 _aLegend of freedom
_948091
700 _aसक्सेना, शंकर सहाय
_948092
942 _2ddc
_cHN
_h954.0841
_mघोषका
999 _c112537
_d112537